书目信息 |
| 题名: |
新形势下美术教育的发展研究
|
|
| 作者: | 宿峰 著 | |
| 分册: | ||
| 出版信息: | 北京 北京工业大学出版社 2021.4 |
|
| 页数: | 175页 | |
| 开本: | 24cm | |
| 丛书名: | ||
| 单 册: | ||
| 中图分类: | J114 | |
| 科图分类: | ||
| 主题词: | 美术教育--教育研究 | |
| 电子资源: | ||
| ISBN: | 978-7-5639-6805-3 | |
| 000 | 00818nam0 2200229 45 | |
| 001 | 012001000637 | |
| 005 | 20130909113230.0 | |
| 010 | @a978-7-5639-6805-3@dCNY63.00 | |
| 100 | @a20200804d2019 em y0chiy0110 ea | |
| 101 | 0 | @achi |
| 102 | @aCN@b110000 | |
| 105 | @aa z 000yy | |
| 106 | @ar | |
| 200 | 1 | @a新形势下美术教育的发展研究@Axin xing shi xia mei shu jiao yu de fa zhan yan jiu@f宿峰著 |
| 210 | @a北京@c北京工业大学出版社@d2021.4 | |
| 215 | @a175页@c图@d24cm | |
| 330 | @a本书共六章,内容包括:美术教育概论;中国古代及近代美术教育史;美术教育的真谛——“审美人生教育”;美术教育的哲学思考;现代美术教育教学与实践;新时代美术教育发展的新契机等。 | |
| 606 | 0 | @a美术教育@x教育研究 |
| 690 | @aJ114@v5 | |
| 701 | 0 | @a宿峰@Asu feng@4著 |
| 801 | @aCN@b江苏凤凰@c20211018 | |
| 905 | @b1340436-9@dJ114@e151@f4 | |
| 新形势下美术教育的发展研究/宿峰著.-北京:北京工业大学出版社,2021.4 |
| 175页:图;24cm |
| ISBN 978-7-5639-6805-3:CNY63.00 |
| 本书共六章,内容包括:美术教育概论;中国古代及近代美术教育史;美术教育的真谛——“审美人生教育”;美术教育的哲学思考;现代美术教育教学与实践;新时代美术教育发展的新契机等。 |
| ● |
| 相关链接 |
|
|
|
|
正题名:新形势下美术教育的发展研究
索取号:J114/151
 
预约/预借
| 序号 | 登录号 | 条形码 | 馆藏地/架位号 | 状态 | 备注 |
| 1 | 1340436 | 213404369 | 第一样本阅览室/ [索取号:J114/151] | 在馆 | |
| 2 | 1340437 | 213404378 | 第一借阅区/ [索取号:J114/151] | 在馆 | |
| 3 | 1340438 | 213404387 | 第一借阅区/ [索取号:J114/151] | 在馆 | |
| 4 | 1340439 | 213404396 | 第一借阅区/ [索取号:J114/151] | 在馆 |